000
00218 a2200097 4500
001
19958
100
_a
Lipschutz, S
245
_a
Theory & problems of finite maths
260
_a
_b
Mcgraw-Hill
_c
090
_c
14567
_d
14567
942
_a
NUST-CAE
_c
M
_c
5077
999
_c
255031
_d
255031